000 00588nam a22002177a 4500
001 62605
003 UA-OsUOA
005 20211019213325.0
007 ta
008 20090904b un ||||| |||| 00| 0 ukr d
040 _aUA-OsUOA
_brus
_cUA-OsUOA
_dUA-OsUOA
041 _arus
080 _a94(470+571)
090 _a94(470+571)
_bВ74
245 _aВопросы преподавания истории СССР в свете решений ХХ съезда КПСС
260 _aМ.
_c1956
300 _a74 с.
650 7 _a94 Історія
_2UDC
942 _cBK
_2udc
955 _a2
999 _c348698
_d348698